| 000 | 00717nam a22001697a 4500 | ||
|---|---|---|---|
| 008 | 230515b |||||||| |||| 00| 0 eng d | ||
| 040 |
_aNational Science Library _cNational Science Library |
||
| 080 |
_a551.435.62(082.2) _bM8.1 |
||
| 245 |
_aLandslides: _bGlissements de terrain _c/ Proceedings of the fifth international symposium on landslides 10-15 July, 1988 |
||
| 260 |
_aBrookfield: _bA.A. Balkema, _c1988 |
||
| 300 | _axix, 809p. | ||
| 500 | _aVol.1 (Geology and selection of parameters); ISBN: 90 6191 838 3; xix, 809p. Vol.2 (Drainage and stabilization); ISBN: 90 6191 839 1; xii, 1384p. | ||
| 650 | _aGeology | ||
| 653 | _aParameters | ||
| 700 | 1 | 0 | _aBonnard, Christophe (Ed.) |
| 942 |
_2udc _cPR |
||
| 999 |
_c29835 _d29835 |
||